Economic growth

Guardat en:
Dades bibliogràfiques
Autors principals: Barro, Robert J (Autor), Sala-i-Martín, Xavier (Autor)
Format: Llibre
Idioma:anglès
Publicat: Cambridge MIT 1999
Matèries:
Etiquetes: Afegir etiqueta
Sense etiquetes, Sigues el primer a etiquetar aquest registre!

MARC

LEADER 00000nam a2200000 a 4500
001 UCL2659
003 CL-VaPUC
008 031031e19990000US |||||||||||||||||eng|d
020 |a 0262024594 
082 0 4 |a 338.9  |b BAR  |2 21 
100 0 |a Barro, Robert J  |e author  |9 479779 
700 0 |a Sala-i-Martín, Xavier  |e author  |9 479780 
245 1 0 |a Economic growth 
300 |a 539 p 
942 |c BK 
945 |d 20031031 00:00:00  |a cmena 
260 |a Cambridge  |b MIT  |c 1999 
650 0 |a Desarrollo económico  |9 259599 
650 0 |a Modelos matemáticos   |9 259437 
583 |a last modification  |c 20031031 00:00:00  |k Rodrigo Vera 
999 |c 305911  |d 305909 
952 |0 0  |1 0  |4 0  |6 338_900000000000000_BAR_1999  |7 0  |8 A  |9 370469  |a BIBING  |b BIBING  |d 2019-11-21  |i 3954048  |o 338.9 BAR 1999  |p 3954048  |r 2025-01-20  |w 2019-11-21  |y BK  |k EII